[Event "Wch U08"]
[Site "Montesilvano"]
[Date "2024.11.26"]
[Round "11"]
[White "Hu, Junyan"]
[Black "Pham, Han Nam"]
[Result "1-0"]
[WhiteElo "1924"]
[BlackElo "1912"]
[PlyCount "77"]
[EventDate "2024.11.15"]
[EventType "swiss"]
[EventRounds "11"]
[EventCountry "ITA"]
[SourceTitle "CB48_2024"]
[SourceDate "2024.11.28"]
[SourceVersion "1"]
[SourceVersionDate "2024.11.28"]
[SourceQuality "1"]

1. e4 c5 2. Nf3 Nc6 3. d4 cxd4 4. Nxd4 g6 5. c4 Nf6 6. Nc3 Nxd4 7. Qxd4 d6 8. Be3 Bg7 9. Qd2 0-0 10. f3 a5 11. b3 a4 12. b4 Be6 13. Rc1 Nd7 14. Be2 Nb6 15. Nb5 Rc8 16. Na3 f5 17. 0-0 fxe4 18. fxe4 Nd7 19. Rxf8+ Nxf8 20. Rd1 Qe8 21. c5 dxc5 22. Bb5 Qf7 23. Rf1 Bf6 24. e5 c4 25. Qc3 Rd8 26. Bxc4 Bxc4 27. Nxc4 Rc8 28. Bc5 Nd7 29. exf6 Nxc5 30. Ne5 Qe6 31. f7+ Kg7 32. Ng4+ Qf6 33. Nxf6 e5 34. Ne8+ Rxe8 35. Qxe5+ Kh6 36. fxe8Q Ne6 37. Q8xe6 a3 38. Q6f6 b5 39. Qg7# 1-0

[Event "Wch U08"]
[Site "Montesilvano"]
[Date "2024.11.24"]
[Round "9"]
[White "Swain, Sattwik"]
[Black "Pham, Han Nam"]
[Result "1/2-1/2"]
[WhiteElo "1787"]
[BlackElo "1912"]
[PlyCount "137"]
[EventDate "2024.11.15"]
[EventType "swiss"]
[EventRounds "11"]
[EventCountry "ITA"]
[SourceTitle "CB48_2024"]
[SourceDate "2024.11.28"]
[SourceVersion "1"]
[SourceVersionDate "2024.11.28"]
[SourceQuality "1"]

1. e4 c5 2. Nf3 Nc6 3. d4 cxd4 4. Nxd4 g6 5. c4 Nf6 6. Nc3 Nxd4 7. Qxd4 d6 8. Be3 Bg7 9. Be2 0-0 10. Qd2 a5 11. 0-0 a4 12. Rac1 Qa5 13. Rfd1 Be6 14. f3 Rfc8 15. Nd5 Qxd2 16. Bxd2 Bxd5 17. cxd5 Nd7 18. Bb5 Nc5 19. Rc2 Kf8 20. Rdc1 Rd8 21. Kf1 h6 22. g4 e6 23. Bb4 b6 24. Bc6 Ra7 25. Rd1 Ke7 26. Ke2 Be5 27. h3 g5 28. Rb1 f5 29. Rc4 Rb8 30. Bc3 exd5 31. exd5 Kf6 32. Rb4 f4 33. Bxe5+ Kxe5 34. Kd2 Kf6 35. Re1 Ra6 36. Kc3 Ra7 37. Kd4 Ra5 38. Rc4 Ra7 39. Rc2 b5 40. Rce2 b4 41. Kc4 b3 42. a3 Rd8 43. Rh1 Nd7 44. Re6+ Kg7 45. Re7+ Kf6 46. Rxd7 Raxd7 47. Bxd7 Rxd7 48. Kb5 Re7 49. Rh2 Re3 50. Rf2 Ke5 51. Kxa4 Kxd5 52. Kb5 Ke6 53. a4 Kd7 54. a5 Kc7 55. a6 d5 56. Kc5 d4 57. Kxd4 Kb6 58. a7 Kxa7 59. Kc4 Kb6 60. Kb4 Kc6 61. Kc4 Kd6 62. Rd2+ Ke5 63. Rd3 Rxd3 64. Kxd3 Kd5 65. Kc3 Kc5 66. Kxb3 Kd4 67. Ka4 Ke3 68. b4 Kxf3 69. b5 1/2-1/2

[Event "Wch U08"]
[Site "Montesilvano"]
[Date "2024.11.20"]
[Round "6"]
[White "Pham, Han Nam"]
[Black "Movsisyan, Samvel"]
[Result "1-0"]
[WhiteElo "1912"]
[BlackElo "1604"]
[PlyCount "119"]
[EventDate "2024.11.15"]
[EventType "swiss"]
[EventRounds "11"]
[EventCountry "ITA"]
[SourceTitle "CB48_2024"]
[SourceDate "2024.11.28"]
[SourceVersion "1"]
[SourceVersionDate "2024.11.28"]
[SourceQuality "1"]

1. b3 e5 2. Bb2 Nc6 3. Nf3 d6 4. c4 Nge7 5. d4 exd4 6. Nxd4 Nxd4 7. Qxd4 Be6 8. e4 Nc6 9. Qd2 Qh4 10. Nc3 Be7 11. g3 Qg4 12. Bg2 Ne5 13. Qe2 h5 14. f4 Nc6 15. Qxg4 hxg4 16. f5 Bd7 17. Nd5 0-0-0 18. Bxg7 Rhe8 19. Kf2 Bg5 20. Bf6 Bxf6 21. Nxf6 Re5 22. Nxg4 Ra5 23. a4 Nd4 24. Rab1 Nxf5 25. Nf6 Nd4 26. Ke3 Nc6 27. Rbf1 Ne5 28. h4 Rh8 29. Bh3 Bxh3 30. Rxh3 Ra6 31. g4 Rb6 32. Kd2 a5 33. g5 Kd8 34. h5 c6 35. Rg3 Ke7 36. g6 fxg6 37. hxg6 Nxg6 38. Rxg6 Rxb3 39. Ng4 Kd8 40. Rxd6+ Kc7 41. Rd3 Rb4 42. Rc3 Rxa4 43. e5 Re8 44. Rf7+ Kc8 45. Rf6 Kc7 46. e6 Ra2+ 47. Ke3 Rg2 48. Kf3 Rd2 49. Re3 Re7 50. Rf7 Kd8 51. Nh6 Ke8 52. Rxe7+ Kxe7 53. Nf5+ Ke8 54. e7 Rd8 55. exd8Q+ Kxd8 56. c5 Kc7 57. Re7+ Kb8 58. Nd6 Ka7 59. Rxb7+ Ka6 60. Ke4 1-0

[Event "EU Union-ch U08"]
[Site "Roznov pod Radhostem"]
[Date "2024.08.11"]
[Round "7"]
[White "Esmer, Milan"]
[Black "Pham, Han Nam"]
[Result "0-1"]
[WhiteElo "1784"]
[BlackElo "1654"]
[PlyCount "79"]
[EventDate "2024.08.05"]
[EventType "swiss"]
[EventRounds "9"]
[EventCountry "CZE"]
[SourceTitle "EXT 2025"]
[Source "ChessBase"]
[SourceDate "2024.10.14"]
[SourceVersion "1"]
[SourceVersionDate "2024.10.14"]
[SourceQuality "1"]

1. e4 c5 2. c3 d5 3. e5 d4 4. d3 Nc6 5. Nf3 Bg4 6. Bf4 e6 7. g3 Nge7 8. Bg2 Ng6 9. Bg5 Bxf3 10. Qc1 Qd5 11. Bxf3 Qxf3 12. 0-0 Be7 13. Bxe7 Ngxe7 14. Nd2 Qxd3 15. Nb3 Qb5 16. Qg5 0-0 17. cxd4 cxd4 18. Nxd4 Nxd4 19. Qxe7 Nf3+ 20. Kg2 Qd5 21. Rfc1 Rfe8 22. Qa3 Nxe5+ 23. Kg1 Rad8 24. Qe3 h6 25. Rc5 Nf3+ 26. Kg2 Nh4+ 27. Kh3 Qg2+ 28. Kxh4 g5+ 29. Kg4 Kh7 30. h4 Kg6 31. h5+ Kh7 32. Rc7 Kg8 33. Rxf7 Kxf7 34. Rc1 Re7 35. f3 Red7 36. Re1 Rd6 37. Rc1 Rd3 38. Rc7+ Kf6 39. Qe4 R8d4 40. Rc4 0-1